دور التلفزيون ومواقع التواصل الاجتماعي في تعزيز الوعي بالأعمال الخيرية لدى الشباب المصري / (رقم التسجيلة. 180576)

تفاصيل مارك
000 -LEADER
fixed length control field 04158namaa22004091i 4500
003 - CONTROL NUMBER IDENTIFIER
control field OSt
005 - أخر تعامل مع التسجيلة
control field 20260621122116.0
008 - FIXED-LENGTH DATA ELEMENTS--GENERAL INFORMATION
fixed length control field 250827s2025 ua a|||frm||| 000 0 eng d
040 ## - CATALOGING SOURCE
Original cataloguing agency EG-GICUC
Language of cataloging ara
Transcribing agency EG-GICUC
Modifying agency EG-GICUC
Description conventions rda
041 0# - LANGUAGE CODE
Language code of text/sound track or separate title ara
Language code of summary or abstract ara
-- eng
049 ## - Acquisition Source
Acquisition Source إيداع
082 04 - DEWEY DECIMAL CLASSIFICATION NUMBER
Classification number 302.23
092 ## - LOCALLY ASSIGNED DEWEY CALL NUMBER (OCLC)
Classification number 302.23
Edition number 21
097 ## - Degree
Degree مــــاجستير
099 ## - LOCAL FREE-TEXT CALL NUMBER (OCLC)
Local Call Number Cai01.15.01.M.Sc.2025.شا.د
100 0# - MAIN ENTRY--PERSONAL NAME
Authority record control number or standard number ،شاهيناز مصطفى سيد محروس جاويش
Preparation إعداد.
245 10 - TITLE STATEMENT
Title دور التلفزيون ومواقع التواصل الاجتماعي في تعزيز الوعي بالأعمال الخيرية لدى الشباب المصري /
Statement of responsibility, etc. إعداد شاهيناز مصطفى سيد محروس جاويش؛ إشراف أ.د/ حسن عماد مكاوي.
246 15 - VARYING FORM OF TITLE
Title proper/short title The role of television and social media in enhancing charitable awareness among egyptian youth /
264 #0 - PRODUCTION, PUBLICATION, DISTRIBUTION, MANUFACTURE, AND COPYRIGHT NOTICE
Date of production, publication, distribution, manufacture, or copyright notice 2025.
300 ## - PHYSICAL DESCRIPTION
Extent 207 صفحة :
Other physical details إيضاحيات ؛
Dimensions 30 سم. +
Accompanying material CD.
336 ## - CONTENT TYPE
Content type term text
Source rda content
337 ## - MEDIA TYPE
Media type term Unmediated
Source rdamedia
338 ## - CARRIER TYPE
Carrier type term volume
Source rdacarrier
502 ## - DISSERTATION NOTE
Dissertation note أطروحة (ماجستير)-جامعة القاهرة، 2025.
504 ## - BIBLIOGRAPHY, ETC. NOTE
Bibliography, etc. note ببليوجرافيا: صفحات 169-186.
520 ## - SUMMARY, ETC.
Summary, etc. سعت هذه الدراسة إلى التعرف على دور التلفزيون ومواقع التواصل الاجتماعي في تعزيز وعي الشباب المصري بالأعمال الخيرية والتطوعية، في ظل تزايد الاعتماد على الوسائط الإعلامية في تشكيل الاتجاهات المجتمعية. وتمثّلت مشكلة الدراسة في محاولة فهم العلاقة بين تعرض الشباب لهذه الوسائل الإعلامية، ومستوى وعيهم ومشاركتهم في أنشطة العمل الخيري والتطوعي. وهدفت الدراسة إلى الكشف عن مدى تأثير الوسائط الإعلامية التقليدية والرقمية على وعي الشباب وسلوكهم التطوعي، وتحديد أكثر المنصات والبرامج تأثيرًا في تشكيل هذا الوعي.واستخدمت الباحثة المنهج الوصفي التحليلي، واعتمدت على الاستبيان كأداة رئيسية لجمع البيانات من عينة قوامها 414 مفردة من الشباب المصري، وتم تحليل البيانات باستخدام الأساليب الإحصائية المناسبة لاختبار الفروض.
520 ## - SUMMARY, ETC.
Summary, etc. This study aimed to explore the role of television and social media in enhancing Egyptian youth’s awareness of charitable and volunteer work, in light of the increasing reliance on media platforms in shaping societal attitudes. The research problem centered on understanding the relationship between young people’s exposure to these media channels and their level of awareness and participation in charitable and volunteer activities.The study sought to assess the impact of both traditional and digital media on youth awareness and volunteering behavior, and to identify the most influential platforms and programs in shaping this awareness.The researcher adopted the descriptive-analytical method, relying on a questionnaire as the primary tool for data collection from a sample of 414 Egyptian youth. The data were analyzed using appropriate statistical techniques to test the research hypotheses.
530 ## - ADDITIONAL PHYSICAL FORM AVAILABLE NOTE
Issues CD صدر أيضًا كقرص مدمج.
546 ## - LANGUAGE NOTE
Text Language النص بالعربية والملخص باللغة الإنجليزية والعربية.
650 #7 - SUBJECT ADDED ENTRY--TOPICAL TERM
Topical term or geographic name entry element وسائط الاتصال
Source of heading or term qrmak
653 #0 - INDEX TERM--UNCONTROLLED
Uncontrolled term التلفزيون
-- مواقع التواصل الاجتماعي
-- الوعي
700 0# - ADDED ENTRY--PERSONAL NAME
Personal name حسن عماد مكاوي
Relator term مشرف أطروحة.
900 ## - Thesis Information
Grant date 24-05-2025
Supervisory body حسن عماد مكاوي
Discussion body إنجي عباس أبو العز
-- صابر عسران
Universities جامعة القاهرة
Faculties كلية الإعلام
Department قسم الإذاعة والتلفزيون
905 ## - Cataloger and Reviser Names
Cataloger Name Sara Salah
942 ## - ADDED ENTRY ELEMENTS (KOHA)
Source of classification or shelving scheme Dewey Decimal Classification
Koha item type Thesis
Edition 21
Suppress in OPAC No
المقتنيات
Source of classification or shelving scheme Home library Current library Date acquired Inventory number Full call number Barcode Date last seen Effective from Koha item type
Dewey Decimal Classification المكتبة المركزبة الجديدة - جامعة القاهرة قاعة الرسائل الجامعية - الدور الاول 21.06.2026 33254 Cai01.15.01.M.Sc.2025.شا.د 01010100033254000 21.06.2026 21.06.2026 Thesis
Cairo University Libraries Portal Implemented & Customized by: Eng. M. Mohamady Contacts: new-lib@cl.cu.edu.eg | cnul@cl.cu.edu.eg
CUCL logo CNUL logo
© All rights reserved — Cairo University Libraries
CUCL logo
Implemented & Customized by: Eng. M. Mohamady Contact: new-lib@cl.cu.edu.eg © All rights reserved — New Central Library
CNUL logo
Implemented & Customized by: Eng. M. Mohamady Contact: cnul@cl.cu.edu.eg © All rights reserved — Cairo National University Library